00406nam a2200145 a 4500008004100000020001800041050001500059100001800074245006700092260003600159300001400195650001300209650002200222700001600244170111s2015 ||||||||||||||||| || u a9781446254790 aBF 511 Ell aEllis, Darren10aSocial psychology of emotioncBy Darren Ellis [and] Ian Tucker aLondonbSAGE Publicationsc2015 aix, 198p. aEMOTIONS 0aSOCIAL PSYCHOLOGY aTucker, Ian